| 000 | 00499nam a22001937a 4500 | ||
|---|---|---|---|
| 003 | CEME | ||
| 005 | 20210628202141.0 | ||
| 008 | 210209b xxu||||| |||| 00| 0 eng d | ||
| 020 | _a0-86341-354-4 | ||
| 040 | _c. | ||
| 082 | _a004.21 HOL | ||
| 100 |
_aHolt , Jon _958471 |
||
| 245 | _aUml for systems engineering watching the wheels | ||
| 250 | _a2ND | ||
| 260 |
_aLONDON _bIEE _c2004 |
||
| 300 | _aXIII,357P | ||
| 650 |
_aUML -COMPUTER SCIENCE. SYSTEM ENGINEERING. _958472 |
||
| 942 |
_cBK _2ddc |
||
| 999 |
_c568666 _d568666 |
||